[Event "ODJM B 2016"]
[Site "Willingen GER"]
[Date "2016.05.16"]
[Round "3"]
[White "Kalina, Lena"]
[Black "Jahrke, Jonas"]
[Result "0-1"]
[Termination "normal"]
[Board "26"]
[WhiteElo "1410"]
[BlackElo "1526"]
[PlyCount "232"]
[WhiteFideId "12988014"]
[BlackFideId "12984353"]
[EventCountry "GER"]
[EventRounds "9"]
[EventType "swiss"]
[EventDate "2016.05.14"]

1. d4 Nf6 2. Nf3 g6 3. c4 Bg7 4. Nc3 O-O 5. Bg5 c5 6. dxc5 Qa5 7. Qc2 Qxc5 8.
e4 d6 9. Be2 Bg4 10. Be3 Qc7 11. O-O Nbd7 12. h3 Bxf3 13. Nb5 Qc8 14. Bxf3 Ne5
15. Be2 a6 16. Nd4 Qd7 17. f4 Nc6 18. Nf3 Rac8 19. e5 dxe5 20. fxe5 Ne8 21. Bf4
Nd4 22. Rad1 Nxe2+ 23. Qxe2 Qc6 24. b3 Nc7 25. Nd4 Qe8 26. e6 Bxd4+ 27. Rxd4
Nxe6 28. Re4 Nxf4 29. Rfxf4 e6 30. Qf3 Qc6 31. Rf6 Rcd8 32. Qe2 Qd6 33. Qf2
Qd1+ 34. Kh2 Qd2 35. Re2 Qd6+ 36. Kg1 Qd4 37. Re3 Kg7 38. Rf4 Qd1+ 39. Re1 Qd2
40. Re2 Qd6 41. Re1 b6 42. Kh1 Qc5 43. Qf3 Rd4 44. Rf6 Qe7 45. Rf1 Rd7 46. Rf4
Rfd8 47. Qc3+ Kg8 48. Qf3 Rf8 49. Qf2 Qc5 50. Qf3 a5 51. Qc3 Qb4 52. Qe5 Qd6
53. Qb5 Rc7 54. Qg5 Rc5 55. Qg4 Qd7 56. Rd4 Qe7 57. Rfd1 Rcc8 58. Rd7 Qf6 59.
R7d6 Rb8 60. Qe2 Rfd8 61. Qd2 Rdc8 62. Qe3 Rd8 63. Qd2 Rf8 64. Qe3 Qb2 65. R1d2
Qc1+ 66. Kh2 Rfe8 67. Qf2 Qc3 68. R2d3 Qe5+ 69. Kh1 Qc5 70. Qf6 Qf5 71. Qd4 e5
72. Qe3 Qf1+ 73. Kh2 Qf4+ 74. Qxf4 exf4 75. Rf6 Re2 76. a3 Re3 77. Rxe3 fxe3
78. Rf1 e2 79. Re1 Re8 80. Kg3 Re3+ 81. Kf2 Rxb3 82. Rxe2 Rxa3 83. Re8+ Kg7 84.
Rb8 Ra4 85. Rxb6 Rxc4 86. Ra6 Ra4 87. Kf3 f5 88. g3 Ra1 89. Kf4 a4 90. Kg5 Ra3
91. Ra7+ Kf8 92. Kh4 h6 93. Ra8+ Ke7 94. Ra7+ Kd8 95. Rh7 g5+ 96. Kh5 Rxg3 97.
Ra7 Rxh3+ 98. Kg6 f4 99. Rxa4 Kc7 100. Ra7+ Kb6 101. Rf7 Kc5 102. Kf5 Kd4 103.
Kg4 Rg3+ 104. Kh5 f3 105. Kxh6 Ke3 106. Re7+ Kf2 107. Rf7 Kg2 108. Kh5 f2 109.
Ra7 f1=Q 110. Ra6 Rh3+ 111. Kg6 Qxa6+ 112. Kf5 Rf3+ 113. Kg4 Qe6+ 114. Kh5 Rh3+
115. Kxg5 Rg3+ 116. Kf4 Rg4# 0-1

[Event "ODJM B 2016"]
[Site "Willingen GER"]
[Date "2016.05.16"]
[Round "3"]
[White "Wagner, Victoria"]
[Black "Hierl, Johannes"]
[Result "1/2-1/2"]
[Termination "normal"]
[Board "27"]
[WhiteElo "1395"]
[BlackElo "1142"]
[PlyCount "107"]
[WhiteFideId "16232348"]
[BlackFideId "16235096"]
[EventCountry "GER"]
[EventRounds "9"]
[EventType "swiss"]
[EventDate "2016.05.14"]

1. e4 e5 2. Nf3 Nc6 3. Bc4 Nf6 4. Nc3 Nxe4 5. Nxe4 d5 6. Bxd5 Qxd5 7. d3 Bb4+
8. c3 Ba5 9. b4 Bb6 10. c4 Qd8 11. Rb1 a5 12. a3 axb4 13. axb4 Bg4 14. h3 Bxf3
15. Qxf3 Nd4 16. Qd1 O-O 17. O-O Qd7 18. Qh5 Qf5 19. Qxf5 Nxf5 20. Bb2 Bd4 21.
Bxd4 Nxd4 22. Nc5 b6 23. Nb3 Rfd8 24. Nxd4 Rxd4 25. Rfe1 f6 26. Re3 Ra3 27. Rd1
Rc3 28. f3 Rcxc4 29. dxc4 Rxd1+ 30. Kf2 Rd4 31. Rc3 Kf7 32. Kg3 Ke6 33. c5 bxc5
34. Rxc5 Kd6 35. Rb5 Kc6 36. Rb8 Rd7 37. Kf2 Kd5 38. Ke3 f5 39. b5 Kc5 40. g4
g6 41. Re8 Kd5 42. f4 exf4+ 43. Kxf4 fxg4 44. hxg4 Kc5 45. Rb8 Rd4+ 46. Kg5 Rb4
47. Rh8 Kxb5 48. Rxh7 c5 49. Rh4 c4 50. Kxg6 c3 51. Rh5+ Ka4 52. Rc5 Rxg4+ 53.
Kf5 Kb4 54. Rxc3 1/2-1/2

[Event "ODJM B 2016"]
[Site "Willingen GER"]
[Date "2016.05.16"]
[Round "3"]
[White "Trams, Emma Joe"]
[Black "Zimmer, Claudius"]
[Result "0-1"]
[Termination "normal"]
[Board "28"]
[WhiteElo "1360"]
[BlackElo "1395"]
[PlyCount "108"]
[WhiteFideId "16206517"]
[EventCountry "GER"]
[EventRounds "9"]
[EventType "swiss"]
[EventDate "2016.05.14"]

1. e4 e5 2. Nf3 Nc6 3. Nc3 Nf6 4. Bb5 Bd6 5. d3 h6 6. O-O O-O 7. Be3 a6 8. Bc4
b5 9. Bb3 Bb7 10. Re1 Bb4 11. a3 Ba5 12. Ba2 Re8 13. b4 Bb6 14. Bxb6 cxb6 15.
d4 Qc7 16. dxe5 Nxe5 17. Nd5 Nxd5 18. exd5 Nxf3+ 19. Qxf3 Rxe1+ 20. Rxe1 Qxc2
21. Bb3 Qd2 22. Rd1 Re8 23. Rf1 Re5 24. Qg3 d6 25. Qh4 Qg5 26. Qd4 Qd8 27. h3
Qc7 28. Rd1 a5 29. Qd3 Ba6 30. Ra1 Qe7 31. Qc3 a4 32. Ba2 Bb7 33. Rd1 Re2 34.
Bb1 g6 35. Bd3 Qe5 36. Qxe5 Rxe5 37. Bxb5 Rxd5 38. Rxd5 Bxd5 39. Bxa4 Bc4 40.
f3 f5 41. Kf2 f4 42. Ke1 Kf7 43. Kd2 Ke6 44. Kc3 Bf1 45. Bb3+ Ke5 46. Bc2 g5
47. a4 Bxg2 48. Bd1 Bxh3 49. a5 bxa5 50. bxa5 Bf1 51. Kd2 Kd5 52. Be2 Bxe2 53.
Kxe2 Kc6 54. Kf2 Kb5 0-1

[Event "ODJM B 2016"]
[Site "Willingen GER"]
[Date "2016.05.16"]
[Round "3"]
[White "Reuker, Ronja"]
[Black "Schilay, Maria"]
[Result "0-1"]
[Termination "normal"]
[Board "29"]
[WhiteElo "1132"]
[BlackElo "1210"]
[PlyCount "54"]
[WhiteFideId "12947172"]
[BlackFideId "12942979"]
[EventCountry "GER"]
[EventRounds "9"]
[EventType "swiss"]
[EventDate "2016.05.14"]

1. e4 e5 2. Nf3 Nc6 3. Bb5 Bc5 4. Nc3 Nf6 5. O-O d6 6. d4 exd4 7. Nxd4 Bd7 8.
Nf3 a6 9. Bc4 Qe7 10. Re1 Ne5 11. Nd5 Nxd5 12. exd5 f6 13. Nd4 O-O-O 14. f4
Bxd4+ 15. Qxd4 Nf3+ 16. gxf3 Qxe1+ 17. Kg2 Qh4 18. Qa7 Bh3+ 19. Kh1 Qe1+ 20.
Qg1 Qxg1+ 21. Kxg1 Rhe8 22. Kf2 Re7 23. Bd2 Rde8 24. Bd3 Kd7 25. Bxh7 Re2+ 26.
Kg3 Rxd2 27. Kxh3 Rh8 0-1

[Event "ODJM B 2016"]
[Site "Willingen GER"]
[Date "2016.05.16"]
[Round "3"]
[White "Gehrke, Jakob"]
[Black "Arndt, Lena"]
[Result "0-1"]
[Termination "normal"]
[Board "30"]
[WhiteElo "1303"]
[BlackElo "1124"]
[PlyCount "78"]
[WhiteFideId "12993905"]
[BlackFideId "16262476"]
[EventCountry "GER"]
[EventRounds "9"]
[EventType "swiss"]
[EventDate "2016.05.14"]

1. e4 e6 2. d4 d5 3. e5 c5 4. c3 Nc6 5. Be3 Qb6 6. Qd2 cxd4 7. Bxd4 Nxd4 8.
Qxd4 Qxb2 9. Bb5+ Qxb5 10. c4 Qxc4 11. Nf3 Qxd4 12. Nxd4 Bd7 13. O-O Bc5 14.
Rd1 Bxd4 15. Rxd4 Ne7 16. Nc3 Ng6 17. Re1 O-O 18. h4 Rac8 19. Nb1 Rc4 20. Rxc4
dxc4 21. g3 Rc8 22. Re3 Rc5 23. f4 Ne7 24. Nc3 h6 25. g4 Nd5 26. Nxd5 exd5 27.
f5 d4 28. Re4 d3 29. Rd4 Bc8 30. e6 fxe6 31. g5 exf5 32. g6 Kf8 33. Kf2 Ke7 34.
Ke3 Kf6 35. Rd6+ Ke5 36. Rd4 b5 37. a3 Rd5 38. Rxd5+ Kxd5 39. h5 a5 0-1

[Event "ODJM B 2016"]
[Site "Willingen GER"]
[Date "2016.05.16"]
[Round "3"]
[White "Maul, Maik"]
[Black "Chalabi, Tom"]
[Result "1/2-1/2"]
[Termination "normal"]
[Board "31"]
[WhiteElo "1354"]
[BlackElo "1365"]
[PlyCount "122"]
[WhiteFideId "16204816"]
[BlackFideId "4003012"]
[EventCountry "GER"]
[EventRounds "9"]
[EventType "swiss"]
[EventDate "2016.05.14"]

1. d4 d5 2. Bf4 Bf5 3. Nf3 Nc6 4. e3 a6 5. Nc3 e6 6. Bd3 Bg6 7. O-O Bd6 8. Re1
Nf6 9. Bxd6 cxd6 10. e4 dxe4 11. Nxe4 O-O 12. Nc3 Re8 13. Bxg6 hxg6 14. h3 Qc7
15. Qd2 Qb6 16. Rab1 e5 17. d5 Nd4 18. Nxd4 Qxd4 19. Qxd4 exd4 20. Ne2 Nxd5 21.
Nxd4 Nb4 22. a3 Nc6 23. Nxc6 bxc6 24. Rbd1 Rad8 25. Kf1 Kf8 26. Rd2 Rxe1+ 27.
Kxe1 Ke7 28. Rd3 Rb8 29. b4 Rb5 30. f4 Rf5 31. g3 d5 32. Kf2 Kd6 33. Kf3 c5 34.
g4 Rf6 35. c4 d4 36. g5 Re6 37. h4 f6 38. gxf6 Rxf6 39. Rd2 Rf5 40. Ke4 Rh5 41.
bxc5+ Kxc5 42. Rxd4 Rxh4 43. Rd7 g5 44. Rd5+ Kxc4 45. Rxg5 Kb3 46. Ra5 Rh6 47.
Rg5 Rh7 48. Ra5 Rh6 49. Rg5 Re6+ 50. Kf5 Rf6+ 51. Ke5 Kxa3 52. Rxg7 Rb6 53. f5
Kb3 54. f6 Rxf6 55. Kxf6 a5 56. Rg3+ Kb2 57. Ke5 a4 58. Rg2+ Kb3 59. Kd5 a3 60.
Rg3+ Kb2 61. Rxa3 Kxa3 1/2-1/2

[Event "ODJM B 2016"]
[Site "Willingen GER"]
[Date "2016.05.16"]
[Round "3"]
[White "Rempe, Mieke"]
[Black "Müller, Lenny William"]
[Result "1-0"]
[Termination "normal"]
[Board "32"]
[WhiteElo "1345"]
[BlackElo "1100"]
[PlyCount "33"]
[WhiteFideId "16202384"]
[BlackFideId "16272811"]
[EventCountry "GER"]
[EventRounds "9"]
[EventType "swiss"]
[EventDate "2016.05.14"]

1. e4 e5 2. Nf3 Nc6 3. Bb5 a6 4. Ba4 Bc5 5. O-O d6 6. Nc3 Nf6 7. d3 O-O 8. Bg5
Bg4 9. Nd5 Nd4 10. Nxf6+ gxf6 11. Bh6 Nxf3+ 12. gxf3 Bh3 13. f4 b5 14. Kh1 bxa4
15. Rg1+ Kh8 16. Bg7+ Kg8 17. Bxf6+ 1-0

[Event "ODJM B 2016"]
[Site "Willingen GER"]
[Date "2016.05.16"]
[Round "3"]
[White "Unbehend, Marius"]
[Black "Rosenhain, Jonathan"]
[Result "1/2-1/2"]
[Termination "normal"]
[Board "33"]
[WhiteElo "1311"]
[BlackElo "1222"]
[PlyCount "46"]
[WhiteFideId "16214420"]
[BlackFideId "16212169"]
[EventCountry "GER"]
[EventRounds "9"]
[EventType "swiss"]
[EventDate "2016.05.14"]

1. e4 e5 2. d4 exd4 3. Qxd4 Nc6 4. Qe3 Nf6 5. Nc3 Nb4 6. Bd3 Be7 7. Bd2 d6 8.
O-O-O Bg4 9. f3 Bh5 10. h4 Bg6 11. g4 h5 12. g5 Nh7 13. f4 Nxd3+ 14. Qxd3 Nf8
15. f5 Bh7 16. Nf3 Qd7 17. Rdg1 O-O-O 18. Nd5 c6 19. Nf4 f6 20. g6 Bg8 21. Be3
a6 22. Bb6 Re8 23. Rd1 c5 1/2-1/2

[Event "ODJM B 2016"]
[Site "Willingen GER"]
[Date "2016.05.16"]
[Round "3"]
[White "Rockmann, Enno"]
[Black "Arnold, Alexandria"]
[Result "1-0"]
[Termination "normal"]
[Board "34"]
[WhiteElo "1414"]
[BlackElo "1047"]
[PlyCount "133"]
[WhiteFideId "12982920"]
[BlackFideId "16205383"]
[EventCountry "GER"]
[EventRounds "9"]
[EventType "swiss"]
[EventDate "2016.05.14"]

1. e4 e5 2. Nf3 Nc6 3. Bc4 Bc5 4. c3 d6 5. h3 Nf6 6. d3 Be6 7. Bb3 Qd7 8. Nbd2
h6 9. Nf1 O-O-O 10. Ng3 g5 11. Nxg5 hxg5 12. Bxg5 Bxb3 13. axb3 Qe6 14. Qf3
Rhg8 15. Bxf6 Rdf8 16. b4 Bb6 17. O-O Rg6 18. Bh4 Rh8 19. Nf5 f6 20. Bg3 a6 21.
b5 Nb8 22. bxa6 Nxa6 23. Ne7+ Qxe7 24. Qf5+ Kb8 25. Qxg6 Qe6 26. Qg7 Rg8 27.
Qh6 Rxg3 28. d4 Rg8 29. d5 Qf7 30. Kh1 f5 31. exf5 Qxf5 32. Qe6 Qxe6 33. dxe6
Re8 34. f4 Rxe6 35. f5 Rf6 36. g4 Nc5 37. g5 Rf8 38. h4 Ne4 39. Rae1 Ng3+ 40.
Kg2 Nxf1 41. Rxf1 Be3 42. f6 Bf4 43. Kf3 Rh8 44. Kg4 Kc8 45. h5 Kd7 46. g6 Ke8
47. Rh1 Rh6 48. Kf5 b6 49. Kg4 c5 50. Rd1 Rh8 51. Rxd6 Bh6 52. Re6+ Kd7 53.
Rxe5 Rf8 54. g7 Rg8 55. Kf5 Bxg7 56. fxg7 Rxg7 57. h6 Rg8 58. h7 Rh8 59. Kg6
Kd6 60. Re4 Kd5 61. Ra4 b5 62. Ra5 Kc4 63. Kg7 Rxh7+ 64. Kxh7 b4 65. Kg6 bxc3
66. bxc3 Kxc3 67. Rxc5+ 1-0

[Event "ODJM B 2016"]
[Site "Willingen GER"]
[Date "2016.05.16"]
[Round "3"]
[White "Bardorz, Stefan"]
[Black "Seliokaite, Ana"]
[Result "0-1"]
[Termination "normal"]
[Board "35"]
[WhiteElo "1283"]
[BlackElo "1138"]
[PlyCount "54"]
[WhiteFideId "16245474"]
[BlackFideId "16224817"]
[EventCountry "GER"]
[EventRounds "9"]
[EventType "swiss"]
[EventDate "2016.05.14"]

1. c4 f5 2. Nc3 Nf6 3. g3 g6 4. Bg2 Bg7 5. d3 O-O 6. Nf3 d6 7. Qb3 Kh8 8. O-O
e5 9. Bg5 Nbd7 10. Rac1 Nc5 11. Qc2 Ne6 12. b4 Nxg5 13. Nxg5 Ng4 14. Nf3 Bh6
15. Rb1 Be6 16. c5 c6 17. a4 Rg8 18. Rfe1 Qc7 19. Nd2 f4 20. cxd6 Qxd6 21. Nde4
Qd4 22. h3 Nxf2 23. Nxf2 fxg3 24. Nce4 gxf2+ 25. Nxf2 Be3 26. Rf1 Rgf8 27. Bf3
Bxh3 0-1

[Event "ODJM B 2016"]
[Site "Willingen GER"]
[Date "2016.05.16"]
[Round "3"]
[White "Bilek, Thomas"]
[Black "Rautenberg, Jakob"]
[Result "0-1"]
[Termination "normal"]
[Board "36"]
[WhiteElo "1192"]
[BlackElo "1704"]
[PlyCount "54"]
[WhiteFideId "12994707"]
[BlackFideId "16214749"]
[EventCountry "GER"]
[EventRounds "9"]
[EventType "swiss"]
[EventDate "2016.05.14"]

1. d4 d5 2. Nc3 e6 3. Bf4 c5 4. e3 Nf6 5. Nf3 Bd6 6. Bxd6 Qxd6 7. Bd3 Nc6 8.
O-O b6 9. b3 O-O 10. Re1 e5 11. dxe5 Nxe5 12. Nb5 Qe7 13. c4 Bg4 14. Be2 dxc4
15. bxc4 Rfd8 16. Qc2 Bxf3 17. Bxf3 Nxf3+ 18. gxf3 a6 19. Nc3 Qe6 20. Ne2 Qh3
21. f4 Ng4 22. Ng3 Qxh2+ 23. Kf1 Qh3+ 24. Kg1 Rd7 25. Rad1 Rxd1 26. Rxd1 Qh2+
27. Kf1 Nxe3+ 0-1

[Event "ODJM B 2016"]
[Site "Willingen GER"]
[Date "2016.05.16"]
[Round "3"]
[White "Beyer, Clemens"]
[Black "Klugstedt, Vincent"]
[Result "0-1"]
[Termination "normal"]
[Board "37"]
[WhiteElo "1028"]
[BlackElo "1281"]
[PlyCount "82"]
[WhiteFideId "16245407"]
[BlackFideId "16216393"]
[EventCountry "GER"]
[EventRounds "9"]
[EventType "swiss"]
[EventDate "2016.05.14"]

1. d4 d5 2. Nf3 Nf6 3. e3 c5 4. dxc5 e6 5. Bd3 Bxc5 6. b3 Nc6 7. Bb2 O-O 8.
Nbd2 Bd7 9. O-O Qc7 10. c4 Be7 11. a3 e5 12. cxd5 Nxd5 13. Be4 Nf6 14. Bxc6
Bxc6 15. Bxe5 Qd7 16. Qc2 Rac8 17. Qb2 Rfe8 18. Bc3 Qc7 19. Rac1 Red8 20. b4
Qb6 21. Bd4 Qa6 22. Ne5 Bd5 23. Rxc8 Rxc8 24. Rc1 Rxc1+ 25. Qxc1 h5 26. h3 Be6
27. Nef3 b6 28. Qc3 Qb7 29. Ng5 Nd5 30. Qd3 Bxg5 31. Qb5 Bf6 32. Bxf6 Nxf6 33.
a4 Qd5 34. Qe2 Qa2 35. Qd1 Nd5 36. Nf1 g6 37. b5 Nc3 38. Qd8+ Kh7 39. Qf6 Qa1
40. f3 Ne2+ 41. Kf2 Qxf6 0-1

[Event "ODJM B 2016"]
[Site "Willingen GER"]
[Date "2016.05.16"]
[Round "3"]
[White "Reuter, Max"]
[Black "Strohschneider, Leon"]
[Result "1-0"]
[Termination "normal"]
[Board "38"]
[WhiteElo "1268"]
[BlackElo "996"]
[PlyCount "109"]
[WhiteFideId "16263715"]
[BlackFideId "16211634"]
[EventCountry "GER"]
[EventRounds "9"]
[EventType "swiss"]
[EventDate "2016.05.14"]

1. e4 e5 2. Nf3 Nc6 3. Bc4 Bc5 4. c3 Bb6 5. d4 exd4 6. cxd4 d6 7. O-O Bg4 8.
Bxf7+ Kxf7 9. Ng5+ Kf8 10. Qxg4 Nf6 11. Ne6+ Ke8 12. Qxg7 Rg8 13. Qxg8+ Nxg8
14. Nxd8 Kxd8 15. d5 Ne5 16. Nc3 Kd7 17. a4 Ba5 18. f3 Ne7 19. Na2 Rg8 20. Be3
N7g6 21. g3 Nh4 22. f4 Ng4 23. Bd4 c5 24. dxc6+ bxc6 25. Bxa7 c5 26. Rfd1 Ne3
27. Rd3 Nc2 28. Rc1 Nd4 29. Kf2 Ng6 30. b4 Ra8 31. bxc5 Rxa7 32. Rxd4 Kc7 33.
cxd6+ Kd7 34. Kf3 Bb6 35. Rd5 Rxa4 36. f5 Rxa2 37. fxg6 hxg6 38. h4 Rf2+ 39.
Kg4 Rg2 40. Rb1 Ba5 41. Rxa5 Kxd6 42. Rb6+ Kc7 43. Rxg6 Rb2 44. Ra7+ Kb8 45.
Rf7 Rc2 46. Rg8+ Rc8 47. Rxc8+ Kxc8 48. Kf5 Kd8 49. Rh7 Ke8 50. Kf6 Kd8 51. Ke6
Kc8 52. Kd6 Kb8 53. Kc6 Ka8 54. Kb6 Kb8 55. Rh8# 1-0

[Event "ODJM B 2016"]
[Site "Willingen GER"]
[Date "2016.05.16"]
[Round "3"]
[White "Klühs, Gustaf"]
[Black "Burdot, Clara"]
[Result "1/2-1/2"]
[Termination "normal"]
[Board "39"]
[WhiteElo "1249"]
[BlackElo "921"]
[PlyCount "67"]
[WhiteFideId "16228936"]
[BlackFideId "4004779"]
[EventCountry "GER"]
[EventRounds "9"]
[EventType "swiss"]
[EventDate "2016.05.14"]

1. d4 d5 2. Nf3 Bf5 3. c4 c6 4. e3 e6 5. Nc3 Nf6 6. Bd3 Bd6 7. Bxf5 exf5 8.
cxd5 Qb6 9. dxc6 Qxc6 10. O-O O-O 11. Qd3 Ne4 12. Nd2 Re8 13. Ndxe4 fxe4 14.
Qb5 a6 15. Qxc6 Nxc6 16. Bd2 Rac8 17. Rac1 Nb4 18. a3 Nc6 19. b4 b5 20. f3 exf3
21. Rxf3 Red8 22. Rcf1 f6 23. Ne4 Be7 24. Nc5 Ra8 25. Be1 Ra7 26. Bg3 a5 27.
bxa5 Nxa5 28. Rb1 Nc4 29. Rxb5 Rxa3 30. Rb8 Rxe3 31. Rxe3 Nxe3 32. Rxd8+ Bxd8
33. Kf2 Nd5 34. Kf3 1/2-1/2

[Event "ODJM B 2016"]
[Site "Willingen GER"]
[Date "2016.05.16"]
[Round "3"]
[White "Waligora, Franciszek"]
[Black "Brunner, Alexander"]
[Result "1-0"]
[Termination "normal"]
[Board "40"]
[WhiteElo "1021"]
[BlackElo "1246"]
[PlyCount "141"]
[WhiteFideId "4005120"]
[BlackFideId "12965278"]
[EventCountry "GER"]
[EventRounds "9"]
[EventType "swiss"]
[EventDate "2016.05.14"]

1. e4 e5 2. d4 exd4 3. c3 dxc3 4. Nxc3 Bb4 5. Bc4 Nf6 6. Bxf7+ Kxf7 7. Qb3+ Ke8
8. Qxb4 Nc6 9. Qb3 Qe7 10. Bg5 h6 11. Bxf6 Qxf6 12. Nf3 Rf8 13. Nd5 Qd6 14. e5
Nxe5 15. Nxe5 Qxe5+ 16. Qe3 Qxe3+ 17. Nxe3 b6 18. O-O d6 19. Rfe1 Kd7 20. Nd5
Bb7 21. Rad1 Rae8 22. Rxe8 Rxe8 23. Ne3 Re4 24. h3 c5 25. Nf5 Re2 26. Nxd6 Kc6
27. Nc4 b5 28. Na5+ Kb6 29. Nxb7 Kxb7 30. Rb1 b4 31. Kf1 Rd2 32. Ke1 Rc2 33. a3
a5 34. axb4 cxb4 35. Kf1 a4 36. g3 a3 37. bxa3 Kb6 38. Rxb4+ Ka5 39. Rb7 Rc1+
40. Kg2 g5 41. Rg7 Rc6 42. Kf3 Ka4 43. Kg4 Kxa3 44. Kh5 Rf6 45. g4 Rxf2 46.
Kxh6 Rh2 47. Rxg5 Rxh3+ 48. Rh5 Rg3 49. g5 Kb4 50. g6 Kc4 51. Kh7 Kd4 52. g7
Ke4 53. g8=Q Rxg8 54. Kxg8 Kd4 55. Kf7 Ke4 56. Ke6 Kd4 57. Re5 Kc3 58. Re4 Kd3
59. Ke5 Kc3 60. Rd4 Kc2 61. Kd5 Kb3 62. Rc4 Kb2 63. Kc5 Kb3 64. Kb5 Kb2 65. Kb4
Ka2 66. Rc3 Kb2 67. Kc4 Ka2 68. Rb3 Ka1 69. Kc3 Ka2 70. Kc2 Ka1 71. Ra3# 1-0

[Event "ODJM B 2016"]
[Site "Willingen GER"]
[Date "2016.05.16"]
[Round "3"]
[White "Rempe, Jonas"]
[Black "Kail, Oliver"]
[Result "1-0"]
[Termination "normal"]
[Board "41"]
[WhiteElo "1245"]
[BlackElo "915"]
[PlyCount "35"]
[WhiteFideId "16202406"]
[BlackFideId "16228820"]
[EventCountry "GER"]
[EventRounds "9"]
[EventType "swiss"]
[EventDate "2016.05.14"]

1. e4 e5 2. Nf3 Nf6 3. Nxe5 Qe7 4. Nf3 Qxe4+ 5. Be2 Bd6 6. Nc3 Qe7 7. O-O O-O
8. d3 Nc6 9. Bg5 b6 10. Nd5 Qe6 11. Nxf6+ gxf6 12. Bh6 Re8 13. Re1 Bb7 14. d4
Nb8 15. Bc4 Qxe1+ 16. Nxe1 Bc8 17. Qg4+ Kh8 18. Qg7# 1-0

[Event "ODJM B 2016"]
[Site "Willingen GER"]
[Date "2016.05.16"]
[Round "3"]
[White "Hamm, Oliver"]
[Black "Voltmer, Victor"]
[Result "1-0"]
[Termination "normal"]
[Board "44"]
[WhiteElo "1400"]
[BlackElo "1028"]
[PlyCount "57"]
[WhiteFideId "12999016"]
[EventCountry "GER"]
[EventRounds "9"]
[EventType "swiss"]
[EventDate "2016.05.14"]

1. d4 Nf6 2. c4 c5 3. d5 d6 4. Nc3 g6 5. e4 Nbd7 6. f3 Bg7 7. Be3 O-O 8. Qd2 e6
9. O-O-O a6 10. g4 Ne8 11. Bh6 Rb8 12. Bxg7 Kxg7 13. h4 exd5 14. cxd5 Nef6 15.
h5 Ne5 16. hxg6 fxg6 17. Qh6+ Kg8 18. g5 Qe7 19. gxf6 Rxf6 20. Qg5 Qg7 21. Be2
b5 22. Rf1 Nc4 23. Rf2 Bb7 24. Rfh2 Rf7 25. Nh3 Re8 26. Nf4 Bc8 27. Rxh7 Qxh7
28. Rxh7 Rxh7 29. Qxg6+ 1-0

[Event "ODJM B 2016"]
[Site "Willingen GER"]
[Date "2016.05.16"]
[Round "3"]
[White "Klühs, Isabel"]
[Black "Parma, Lea"]
[Result "1-0"]
[Termination "normal"]
[Board "45"]
[WhiteElo "919"]
[BlackElo "1170"]
[PlyCount "51"]
[WhiteFideId "16228944"]
[BlackFideId "16222377"]
[EventCountry "GER"]
[EventRounds "9"]
[EventType "swiss"]
[EventDate "2016.05.14"]

1. d4 g6 2. Nd2 Bg7 3. c3 d6 4. e4 e5 5. Ngf3 Ne7 6. Bc4 O-O 7. O-O c6 8. d5
Nd7 9. Re1 Nb6 10. dxc6 Nxc4 11. Nxc4 bxc6 12. Qxd6 Qxd6 13. Nxd6 Bg4 14. Nd2
Rfd8 15. N6c4 Bh6 16. Ne3 Be6 17. Ndc4 Bxe3 18. Nxe3 Rd3 19. Nf1 f6 20. f4 Rb8
21. Re2 Bc4 22. Rf2 Nc8 23. fxe5 fxe5 24. Bh6 Nd6 25. Ng3 Re3 26. Bxe3 1-0

[Event "ODJM B 2016"]
[Site "Willingen GER"]
[Date "2016.05.16"]
[Round "3"]
[White "Semukhin, Sophia"]
[Black "Toma, Yanis"]
[Result "0-1"]
[Termination "normal"]
[Board "46"]
[WhiteElo "1087"]
[BlackElo "1319"]
[PlyCount "64"]
[BlackFideId "16215460"]
[EventCountry "GER"]
[EventRounds "9"]
[EventType "swiss"]
[EventDate "2016.05.14"]

1. e4 e5 2. Nf3 Nc6 3. Bc4 Bc5 4. c3 Nf6 5. d3 O-O 6. Bg5 h6 7. Bh4 d6 8. h3 a6
9. O-O b5 10. Bd5 Bd7 11. d4 exd4 12. cxd4 Bb6 13. e5 g5 14. Bg3 Nxd5 15. exd6
Re8 16. Nc3 Nf4 17. dxc7 Bxc7 18. d5 Na5 19. Bxf4 Bxf4 20. Qd4 Nc4 21. b3 Ne3
22. Rfe1 Nc2 23. Rxe8+ Bxe8 24. Qd1 Nxa1 25. Qxa1 Qf6 26. Qe1 b4 27. Ne4 Qe7
28. g3 Bc7 29. h4 f5 30. Ned2 Qxe1+ 31. Nxe1 gxh4 32. gxh4 Rd8 0-1

[Event "ODJM B 2016"]
[Site "Willingen GER"]
[Date "2016.05.16"]
[Round "3"]
[White "Abicht, Aruna Sophia"]
[Black "Altgelt, Helene"]
[Result "1-0"]
[Termination "normal"]
[Board "47"]
[WhiteElo "1060"]
[BlackElo "817"]
[PlyCount "97"]
[BlackFideId "16232020"]
[EventCountry "GER"]
[EventRounds "9"]
[EventType "swiss"]
[EventDate "2016.05.14"]

1. Nf3 d5 2. d4 Bf5 3. Bf4 e6 4. e3 Nc6 5. c4 Nf6 6. Nc3 Bb4 7. Be2 O-O 8. O-O
Bxc3 9. bxc3 Ne4 10. Qc1 Re8 11. Nd2 e5 12. Nxe4 dxe4 13. Bg3 Qd7 14. d5 Na5
15. Rd1 Qe7 16. Qb2 b6 17. Qb4 Rad8 18. Rab1 Rd6 19. c5 Rdd8 20. c6 Qxb4 21.
cxb4 Nxc6 22. dxc6 Be6 23. a4 Bd5 24. f3 exf3 25. Bxf3 Bxf3 26. gxf3 f6 27. Rd7
Rxd7 28. cxd7 Rd8 29. Rd1 Kf7 30. f4 Ke7 31. fxe5 Ke6 32. exf6 gxf6 33. Bxc7
Rxd7 34. Rxd7 Kxd7 35. Bf4 a6 36. b5 axb5 37. axb5 Ke6 38. Bc7 Kd5 39. Bxb6 Kc4
40. Kf2 f5 41. Kf3 Kxb5 42. Bd4 Kc4 43. Kf4 Kd3 44. Kxf5 Ke2 45. Kf6 Kf2 46.
Kg7 h5 47. Kg6 h4 48. e4+ Kg2 49. Be5 1-0

[Event "ODJM B 2016"]
[Site "Willingen GER"]
[Date "2016.05.16"]
[Round "3"]
[White "Stork, Christopher"]
[Black "Reiser, Silas"]
[Result "1-0"]
[Termination "normal"]
[Board "48"]
[WhiteElo "1654"]
[BlackElo "926"]
[PlyCount "85"]
[WhiteFideId "16215400"]
[EventCountry "GER"]
[EventRounds "9"]
[EventType "swiss"]
[EventDate "2016.05.14"]

1. e4 c5 2. Nf3 d6 3. d4 cxd4 4. Nxd4 Nf6 5. Nc3 g6 6. Bc4 Bg7 7. Be3 Nc6 8. f3
O-O 9. Qd2 Bd7 10. O-O-O Nxd4 11. Bxd4 Qa5 12. g4 Rfc8 13. Bb3 b5 14. h4 h5 15.
gxh5 Nxh5 16. Bxg7 Kxg7 17. Qd5 Be6 18. Qxb5 Qxb5 19. Nxb5 Bxb3 20. axb3 Rab8
21. Nc3 Rc5 22. Rd5 Rbc8 23. Rxc5 Rxc5 24. Nd5 e6 25. Nc3 Ra5 26. Kb1 Nf4 27.
Rd1 d5 28. exd5 Nxd5 29. Nxd5 Rxd5 30. Rxd5 exd5 31. c4 dxc4 32. bxc4 Kf6 33.
Kc2 Ke5 34. Kd3 f6 35. f4+ Ke6 36. Ke4 f5+ 37. Kd4 Kd6 38. c5+ Ke6 39. Kc4 Kd7
40. Kd5 Kc7 41. Ke6 Kc6 42. Kf6 Kb5 43. Kxg6 1-0

[Event "ODJM B 2016"]
[Site "Willingen GER"]
[Date "2016.05.16"]
[Round "3"]
[White "Zwecker, Simon"]
[Black "Schirrmeister, Laura"]
[Result "0-1"]
[Termination "normal"]
[Board "49"]
[WhiteElo "916"]
[BlackElo "1351"]
[PlyCount "78"]
[WhiteFideId "16257677"]
[BlackFideId "24694967"]
[EventCountry "GER"]
[EventRounds "9"]
[EventType "swiss"]
[EventDate "2016.05.14"]

1. e4 e6 2. Nc3 d5 3. d4 dxe4 4. Nxe4 Nd7 5. Nf3 Ngf6 6. Nc3 c5 7. Be3 b6 8.
Bb5 Bd6 9. O-O O-O 10. Bg5 h6 11. Bxf6 Nxf6 12. Bc4 Re8 13. Qd2 Qc7 14. Nb5 Qd7
15. Rae1 Bb7 16. Re3 Ng4 17. Rd3 a6 18. Nxd6 Qxd6 19. g3 b5 20. dxc5 Qxc5 21.
Bxe6 Rxe6 22. h3 Bxf3 23. Rxf3 Ne5 24. Rf5 Qc6 25. f3 Nc4 26. Qf4 Ne3 27. Rxf7
Nxf1 28. Kxf1 Rf6 29. Rc7 Rxf4 30. Rxc6 Rxf3+ 31. Kg2 Raf8 32. h4 Rf2+ 33. Kh3
h5 34. Rxa6 Rf1 35. g4 R8f3+ 36. Kg2 R1f2+ 37. Kg1 hxg4 38. c4 bxc4 39. b4 c3
0-1